000 00851cam a22002772 4500
001 18434
003 BD-RjUL
005 20211209000302.0
008 140220r19621938e 000 0 eng u
035 _a(BD-RjUL) 18492
040 _cORL
_dOCL
_dIAE
_dEQO
_dBD-RjUL
_aBD-RjUL
_beng
041 _aeng
082 0 4 _a822.33
_bSHT 1962
090 _aPR2837.A2
_bD4 1938
100 1 _aShakespeare, William,
_d1564-1616.
_956806
245 1 0 _aTwelfth night /
_ced. by J. C. Dent.
260 _aOxford [Eng.] :
_bClarendon Pr.,
_c1938 [reprinted 1962].
300 _a159 p. :
_billus. ;
_c18 cm.
490 0 _aThe New Clarendon Shakespeare
650 _aTwelfth night (Shakespeare, William)
_9242820
650 _aBrothers and sisters
_9242821
650 _aTwins
_9242822
650 _aDrama.
_9242836
700 1 _aDent, J. C.
_9242837
942 _2ddc
_cBK
999 _c18434
_d18434